Historia mundial de las sociedades secretas / (Record no. 81598)

MARC details
000 -LEADER
campo de control de longitud fija 00765nam a2200253 i 4500
001 - NÚMERO DE CONTROL
campo de control 81598
003 - IDENTIFICADOR DE NÚMERO DE CONTROL
campo de control ES-MaACL
005 - FECHA Y HORA DE LA ÚLTIMA TRANSACCIÓN
campo de control 20230906174454.0
007 - CAMPO FIJO DE DESCRIPCIÓN FÍSICA--INFORMACIÓN GENERAL
campo de control de longitud fija t|
008 - DATOS DE LONGITUD FIJA--INFORMACIÓN GENERAL
campo de control de longitud fija 041105s1963 sp ||||1| spa d
080 ## - NÚMERO DE LA CLASIFICACIÓN DECIMAL UNIVERSAL
Número de la Clasificación Decimal Universal 366(091)
100 1# - ENTRADA PRINCIPAL--NOMBRE DE PERSONA
Nombre de persona Hutin, Serge.
9 (RLIN) 64842
245 10 - MENCIÓN DEL TÍTULO
Título Historia mundial de las sociedades secretas /
Mención de responsabilidad, etc. Serge Hutin ; [versión española de Eduardo Bittini].
250 ## - MENCION DE EDICION
Mención de edición 1ª ed.
260 ## - PUBLICACIÓN, DISTRIBUCIÓN, ETC.
Lugar de publicación, distribución, etc. Barcelona :
Nombre del editor, distribuidor, etc. Luis de Caralt,
Fecha de publicación, distribución, etc. 1963.
300 ## - DESCRIPCIÓN FÍSICA
Extensión 344 p. :
Otras características físicas il. ;
Dimensiones 23 cm.
490 1# - MENCIÓN DE SERIE
Mención de serie Cultura histórica
650 #4 - PUNTO DE ACCESO ADICIONAL DE MATERIA--TÉRMINO DE MATERIA
Término de materia o nombre geográfico como elemento de entrada Sociedades secretas-
Subdivisión de forma Historia.
9 (RLIN) 147832
700 1# - ENTRADA AGREGADA--NOMBRE PERSONAL
Nombre de persona Bittini, Eduardo.
9 (RLIN) 29030
830 1# - PUNTO DE ACCESO ADICIONAL DE SERIE-TÍTULO UNIFORME
Título uniforme Cultura histórica
9 (RLIN) 182395
852 4# - LOCALIZACIÓN
Ubicación ES-MaACL
Número de control de estantería C-24812
852 4# - LOCALIZACIÓN
Ubicación ES-MaACL
Número de control de estantería E-5871
Holdings
Estatus retirado Estado de pérdida Estado de daño No para préstamo Biblioteca de origen Biblioteca actual Ubicación en estantería Fecha de adquisición Fuente de adquisición Total de préstamos Signatura topográfica completa Código de barras Visto por última vez Precio de reemplazo Tipo de ítem Koha
        Biblioteca del Ateneo de Madrid Biblioteca del Ateneo de Madrid Depósito 2 03/11/2021     E-5871 1202719 23/02/2023 23/02/2023 Libro impreso
        Biblioteca del Ateneo de Madrid Biblioteca del Ateneo de Madrid Depósito 2 17/01/2008     C-24812 1085293 23/02/2023 23/02/2023 Libro impreso